| 000 | 00778nam a2200181Ia 4500 | ||
|---|---|---|---|
| 008 | 100917s9999 xx 000 0 und d | ||
| 082 | _b20861 | ||
| 100 | _aजोशी शं. पु. | ||
| 245 | _aभारतीय इतिहास सं. म. मराठ्याचा उत्तरेकडिल विस्तार | ||
| 260 |
_b--- _c1937 |
||
| 300 | _a80 | ||
| 365 | _b0.75 | ||
| 520 | _aइतिहास | ||
| 630 | _aभारतीय इतिहास सं. म. मराठ्याचा उत्तरेकडिल विस्तार | ||
| 650 | _aइतिहास | ||
| 730 | _aभारतीय इतिहास सं. म. मराठ्याचा उत्तरेकडिल विस्तार | ||
| 942 | _cBOOK | ||
| 999 |
_c626255 _d626252 |
||